Numerical Simulation Of Unsteady Flows and Transition to Turbulence (Record no. 8295)

MARC details
000 -LEADER
fixed length control field 00615nam a22001937a 4500
003 - CONTROL NUMBER IDENTIFIER
control field OSt
005 - DATE AND TIME OF LATEST TRANSACTION
control field 20240418105549.0
008 - FIXED-LENGTH DATA ELEMENTS--GENERAL INFORMATION
fixed length control field 240418b |||||||| |||| 00| 0 eng d
020 ## - INTERNATIONAL STANDARD BOOK NUMBER
International Standard Book Number 0521416183
040 ## - CATALOGING SOURCE
Transcribing agency DDC
082 ## - DEWEY DECIMAL CLASSIFICATION NUMBER
Classification number 513 NUM 1992
100 ## - MAIN ENTRY--PERSONAL NAME
Relator code Edited by Pironneau O.,Rodi W.,Ryhming L.I,Savill,M.A, Truong V.T
245 ## - TITLE STATEMENT
Title Numerical Simulation Of Unsteady Flows and Transition to Turbulence
260 ## - PUBLICATION, DISTRIBUTION, ETC. (IMPRINT)
Place of publication, distribution, etc. New York
Name of publisher, distributor, etc. University of Cambridge
Date of publication, distribution, etc. 1992
300 ## - PHYSICAL DESCRIPTION
Extent xi;516p.
Other physical details Ill.
Dimensions 23.4cm
650 ## - SUBJECT ADDED ENTRY--TOPICAL TERM
Topical term or geographic name as entry element Mathematics
651 ## - SUBJECT ADDED ENTRY--GEOGRAPHIC NAME
Source of heading or term Numerical Simulation
942 ## - ADDED ENTRY ELEMENTS (KOHA)
Source of classification or shelving scheme Dewey Decimal Classification
Koha item type Open Shelf
Classification part 04/21731
Holdings
Withdrawn status Lost status Source of classification or shelving scheme Damaged status Not for loan Home library Current library Source of acquisition Inventory number Total Checkouts Full call number Barcode Date last seen Price effective from Koha item type Date acquired
    Dewey Decimal Classification     MUST Main Library MUST Main Library purchase 04/21731   513 NUM 1992 2024-0136 18/04/2024 18/04/2024 Open Shelf  
    Dewey Decimal Classification     MUST Main Library MUST Main Library Purchase 2004/21732   513 NUM 1992 2024-20243 11/06/2024 11/06/2024 Open Shelf 11/06/2024